| 000 | 00375cam a22001337a 4500 | ||
|---|---|---|---|
| 008 | 180718b1983 xxu||||| |||| 00| 0 eng d | ||
| 082 | _aI241x54 P17 | ||
| 100 | _aPal, R.N. | ||
| 245 |
_aOffice of the Prime Minister in India _cby R.N. Pal |
||
| 260 |
_aNew Delhi _bGhanshyam _c1983 |
||
| 300 | _a279p. | ||
| 650 | _aPrime ministers --India | ||
| 650 | _aExecutive power --India | ||
| 999 |
_c351257 _d351257 |
||